000 02056nam a2200457 i 4500
001 in503330154
003 Ingram
005 20241108131301.0
008 240605s2024 nyua c 000 1 eng d
020 _a9781665974608
_q(hardcover)
040 _aTnLvILS
_beng
_erda
_cTnLvILS
_dTnLvILS
092 _ajunior fiction
_bRussell
100 1 _aRussell, Rachel René,
_eauthor,
_eillustrator.
_95734368
245 1 0 _aTales from a not-so-bratty little sister /
_cRachel René Russell.
250 _aFirst Aladdin hardcover edition.
264 1 _aNew York, NY :
_bAladdin, an imprint of Simon & Schuster Children's Publishing Division,
_c2024.
300 _a240 pages :
_billustrations ;
_c20 cm.
336 _atext
336 _astill image
337 _aunmediated
338 _avolume
490 1 _aDork diaries ;
_v16.
520 _a"It's almost time for school to start again, and Nikki is a little worried--but, as always, she has her BFFS to help. Only, it turns out her friends need Nikki's help. Nikki quickly gets overwhelmed and even starts feeling sick...which is when her little sister, Brianna, takes her chance to steal Nikki's diary! How much damage can Brianna do before Nikki is back on her feet?"--
521 1 _a09-13.
521 2 _a04-08.
650 0 _aDiaries
_vJuvenile fiction.
_95675979
650 0 _aFriendship
_vJuvenile fiction.
_95673647
650 0 _aAnxiety in children
_vJuvenile fiction.
_96372943
650 0 _aSisters
_vJuvenile fiction.
_95674652
650 0 _aMiddle schools
_vJuvenile fiction.3.
_96496383
650 1 _aDiaries
_vFiction.
_95674805
650 1 _aFriendship
_vFiction.
_95673769
650 1 _aAnxiety
_vFiction.
_95701999
650 1 _aSisters
_vFiction.
_95674091
650 1 _aMiddle schools
_vFiction.
_95675986
650 1 _aSchools
_vFiction.
_95673727
655 7 _aDiary fiction.
_2lcgft.
655 7 _aHumorous fiction.
_2lcgft.
800 1 _aRussell, Rachel René.
_tDork diaries ;
_v16.
_96496384
942 _2ddc
_cBOOK
999 _c401825
_d401825